Statistics for Russian Premier League Top 4

Click here to take the quiz!

General Stats

  • This quiz has been taken 373 times
    (328 since last reset)
  • The average score is 9 of 17

Answer Stats

Winner % Correct
Zenit Saint Petersburg
99%
CSKA Moscow
97%
Spartak Moscow
93%
Lokomotiv Moscow
86%
Rubin Kazan
82%
Dynamo Moscow
68%
FC Rostov
63%
FK Krasnodar
60%
Anzhi Makhachkala
58%
FC Moscow
45%
Krylia Sovetov Samara
39%
Torpedo Moscow
36%
Rotor Volgograd
35%
Amkar Perm
30%
Alania Vladikavkaz
22%
Shinnik Yaroslavl
15%
Tekstilshchik Kamyshin
5%

Score Distribution

Percentile by Number Answered

Percent of People with Each Score

Your Score History

You have not taken this quiz since the last reset